000 00354nam a2200133Ia 4500
008 240624s9999 xx 000 0 und d
041 _aeng
082 _a338.954 JHA
100 _aJHA VEENA
245 _aTRADE ENVIRONMENT AND SUSTAINABLE DEVELO
260 _c1997
_aLondon
_bMacmillan Press Ltd
300 _axiv, : 229 : p. : cm. ; 22
365 _cBPS
_b25
999 _c5110
_d5110